000 02013cam a22004218i 4500
001 21598448
003 NUST
005 20220721123736.0
006 m |o d |
007 cr |||||||||||
008 200624s2020 nju o 001 0 eng c
010 _a 2020028697
020 _a978-1-119-66796-4
_q(epub)
020 _a9781119501985
_q(adobe pdf)
020 _z9781119502012
040 _aDLC
_beng
_cDLC
_erda
042 _apcc
050 0 0 _aTK454
082 0 0 _a621.3192, IRW
_223
100 1 _aIrwin, J. David,
_d1939-
_eauthor.
245 1 0 _aBasic engineering circuit analysis /
_cJ. David Irwin, R. Mark Nelms.
250 _a12th edition.
_bInternational Adaptation
263 _a2009
264 1 _aHoboken, NJ :
_bWiley,
_c[2022]
300 _a789.pages
336 _atext
_btxt
_2rdacontent
337 _acomputer
_bc
_2rdamedia
338 _aonline resource
_bcr
_2rdacarrier
505 _aBasic Concepts (Page-4), Resistive Circuits (Page-25), Network Theorems (Page-99), Operational Amplifiers (Page-209), Capacitance and Inductance (Page-239), First- and Second-Order Transient Circuits (Page-281), Sinusoidal Steady-State Analysis (Page-343), Steady-State Power Analysis (Page-397), Magnetically Coupled Networks (Page-451),Three-Phase Circuits (Page-495),Variable-Frequency Network Performance (Page-531), The Laplace Transform (Page-619), Application of the Laplace Transform to Circuit Analysis (Page-643), Fourier Analysis Techniques (Page-693),Two-Port Networks (Page-741),Diodes (Page-767).
520 _cProvided by publisher.
650 0 _aElectric circuit analysis
_vTextbooks.
_994363
650 0 _aElectronics
_vTextbooks.
_921045
700 1 _aNelms, R. M.,
_eauthor.
_994364
776 0 8 _iPrint version:
_aIrwin, J. David, 1939-
_tBasic engineering circuit analysis
_b12th edition.
_dHoboken, NJ : Wiley, [2020]
_z9781119502012
_w(DLC) 2020028696
906 _a7
_bcbc
_corignew
_d1
_eecip
_f20
_gy-gencatlg
942 _2ddc
_cBK
999 _c590472
_d590472